| Tag |
First Indicator |
Second Indicator |
Subfields |
| LEADER |
00000cam a2200000 4500 |
| 001 |
in00000214367 |
| 005 |
20151009063958.0 |
| 008 |
750922s1952 ilu 10000 eng |
| 010 |
|
|
|a a 54006731
|
| 035 |
|
|
|a (OCoLC)01646360
|
| 035 |
|
|
|9 AAY1248AM
|
| 040 |
|
|
|a Columbia Univ. Libraries
|c FUB
|d TXA
|d UtOrBLW
|
| 049 |
|
|
|a TXAM
|c [266592]
|
| 050 |
|
0 |
|a KF2979.A2
|b C5
|
| 110 |
2 |
|
|a University of Chicago.
|b Law School.
|
| 245 |
1 |
0 |
|a Conference on the arts, publishing and the law :
|b May 5, 1952.
|
| 264 |
|
1 |
|a [Chicago],
|b [publisher not identified] ;
|c [1952]
|
| 300 |
|
|
|a 148 pages ;
|c 24cm.
|
| 336 |
|
|
|a text
|b txt
|2 rdacontent
|
| 337 |
|
|
|a unmediated
|b n
|2 rdamedia
|
| 338 |
|
|
|a volume
|b nc
|2 rdacarrier
|
| 490 |
1 |
|
|a Chicago. University. Law School. Conference series,
|v no. 10
|
| 500 |
|
|
|a Cover title.
|
| 650 |
|
0 |
|a Authors and publishers
|z United States.
|
| 650 |
|
0 |
|a Copyright
|z United States.
|
| 650 |
|
0 |
|a Libel and slander
|z United States.
|
| 650 |
|
0 |
|a Competition, Unfair
|z United States.
|
| 740 |
4 |
|
|a The arts, publishing and the law.
|
| 830 |
|
0 |
|a Conference series. (University of Chicago. Law School) ;
|v no. 10.
|
| 999 |
|
|
|a MARS
|
| 999 |
f |
f |
|s 7de5d1e3-ae05-35b0-a409-dd0623872ea7
|i e8c733b9-6474-3faa-b66e-ab9efc453ebf
|t 0
|
| 952 |
f |
f |
|p ric
|a Texas A&M University
|b Rellis Campus
|c Joint Library Facility
|d Remote Storage
|t 0
|e KF2979.A2 C5
|h Library of Congress classification
|i unmediated -- volume
|m A14803173299
|
| 998 |
f |
f |
|a KF2979.A2 C5
|t 0
|l Remote Storage
|